Pokémon - Les attaques de Wailord - Statistiques

Statistiques générales
  • Ce quiz a été pris 26 fois
  • Le résultat moyen est 11 sur 18
Statistiques - réponses
Niveaux Types Noms des attaques % Correct
Niveau 54 Eau Giclédo
94%
Niveau 49 Eau Hydrocanon
83%
Départ Eau Pistolet à O
83%
Niveau 33 Vol Rebond
83%
Niveau 18 Eau Vibraqua
78%
Niveau 30 Eau Plongée
72%
Niveau 15 Glace Brume
67%
Niveau 39 Psy Repos
67%
Niveau 27 Eau Siphon
67%
Niveau 36 Normal Plaquage
61%
Départ Normal Rugissement
61%
Départ Spectre Étonnement
56%
Niveau 44 Psy Amnésie
50%
Départ Eau Détrempage
44%
Niveau 21 Acier Tacle Lourd
44%
Niveau 24 Eau Saumure
33%
Départ Normal Trempette
28%
Départ Normal Râle Mâle
6%
Aucun quiz correspondant
Distribution des résultats
% des personnes avec chaque résultat
Percentile par nombre de réponses
Votre historique - résultats
Vous n’avez pas pris ce quiz